Možnosti zavedenia najnovších trendov v riadení výroby v podniku VW SK

Gespeichert in:
Bibliographische Detailangaben
1. Verfasser: Minca, Samuel (Verfasst von)
Weitere Verfasser: Součková, Ingrid (Betreuung Doktorarbeit)
Format: Manuskript Buch
Sprache:Slowakisch
Veröffentlicht: 2024
Schlagworte:
Online-Zugang:http://is.stuba.sk/zp/portal_zp.pl?podrobnosti=179043
Tags: Tag hinzufügen
Keine Tags, Fügen Sie das erste Tag hinzu!

MARC

LEADER 00000ntm a22000003a 4500
001 stuzp99894
003 SK-STU
005 20250306102639.0
007 ta
008 150427s2015----xo-----f-mn---000-0-slo-d
040 |a STU  |b slo 
041 0 |a slo 
100 1 |a Minca, Samuel  |u 020070  |4 aut  |U SjF Strojnícka fakulta  |T SjF Ústav výrobného inžinierstva a kvality produkcie  |X 98706  |U J0070  |Y 804  |7 98706 
242 0 1 |a Possibilities of introducing the latest trends in production management in the company VW SK  |y eng 
245 1 0 |a Možnosti zavedenia najnovších trendov v riadení výroby v podniku VW SK 
260 |c 2024 
650 4 |a riadenie výroby  |2 slo 
650 4 |a shop floor management  |2 slo 
650 4 |a zmenová kniha  |2 slo 
650 4 |a výrobné ukazovatele  |2 slo 
650 4 |a shop floor management  |2 eng 
650 4 |a production management  |2 eng 
650 4 |a change book  |2 eng 
650 4 |a production indicators  |2 eng 
700 1 |a Součková, Ingrid  |u 020070  |k Z1  |4 ths  |U SjF Strojnícka fakulta  |T SjF Ústav výrobného inžinierstva a kvality produkcie  |X 2364  |U J0070  |Y 804  |7 A000002364 
856 4 |u http://is.stuba.sk/zp/portal_zp.pl?podrobnosti=179043 
996 |b 284J047769  |c J* 3859/DDP  |l JJSK  |s A  |a 24  |w stuzp99894_0001